00418nam a2200169Ia 4500003000400000005001700004008004100021040000700062041000800069082002400077100002300101245005400124250000600178260003800184300001300222365001300235OSt20230408101010.0210423s2003 xx 000 0 und d cAL aeng a658.4034 223bWINW aWINSTON (Wayne L). aOperations research: applications and algorithms. a4 aNew DelhibCengage Learningc2003 axvi,1418 b646cINR